Teams Beaten by GERMANY When Winning the FIFA World Cup - Statistics

General Stats
  • This quiz has been taken 52 times
  • The average score is 19 of 23
Answer Stats
FIFA World
Cup Year
Stage Answer % Correct
1990 Final Argentina
100%
2014 Final Argentina
100%
2014 Semi-finals Brazil
100%
1990 Semi-finals England
100%
2014 Quarter-finals France
93%
1974 Final Netherlands
93%
1990 Round of 16 Netherlands
93%
2014 Group Stage Portugal
93%
1954 Final Hungary
91%
2014 Round of 16 Algeria
85%
1954 Semi-finals Austria
85%
1974 Group Stage Chile
85%
2014 Group Stage United States
85%
1954 Quarter-finals Yugoslavia
83%
1974 Second Group Stage Yugoslavia
83%
1990 Group Stage Yugoslavia
83%
1990 Quarter-finals Czechoslovakia
78%
1974 Second Group Stage Sweden
76%
1974 Second Group Stage Poland
72%
1954 Group Stage Turkey
63%
1954 Group Stage Playoff Turkey
63%
1974 Group Stage Australia
54%
1990 Group Stage United Arab Emirates
46%
No matching quizzes found
Score Distribution
Percent of People with Each Score
Percentile by Number Answered
Your Score History
You have not taken this quiz